000 00490nam a2200169 4500
001 127229
003 ES-MaACL
005 20230906192953.0
007 t|
008 070214s1955 sp r ||||1| spa d
100 1 _aRico-Avelló y Rico, Carlos.
_997020
245 1 0 _aLecciones de Higiene, Sanidad y Epidemiología /
_cdel Prof. C. Rico-Avelló.
250 _a2ª ed.
260 _aMadrid :
_bVicente Rico,
_c1955.
300 _a491 p. ;
_c24 cm.
852 _aES-MaACL
_jE-1464
_bR.39995
999 _c127229
_d127229